| 000 | 00527nam a2200181 a 4500 | ||
|---|---|---|---|
| 005 | 20210223120720.0 | ||
| 008 | 991125s1973 mx 000 0 spa u | ||
| 035 | _aUPN01000006008 | ||
| 049 | _aSEP | ||
| 050 | 4 |
_aAC75 _bS4 no.115 |
|
| 100 | 1 | _aMellafe, Rolando | |
| 245 | 1 | 0 |
_aBreve historia de la esclavitud negra en América Latina / _cRolando Mellafe. |
| 260 |
_aMéxico : _bSEP, _c1973. |
||
| 300 | _a191 p. | ||
| 440 | 0 |
_aSepSetentas ; _v115 |
|
| 650 | 4 |
_aESCLAVITUD EN AMERICA LATINA - _xHISTORIA _921715 |
|
| 905 | _aLibro | ||
| 999 |
_c6008 _d6008 |
||